Law relating to partition (Record no. 129111)

MARC details
000 -LEADER
fixed length control field 00371nam a2200157Ia 4500
008 - FIXED-LENGTH DATA ELEMENTS--GENERAL INFORMATION
fixed length control field 230917s9999||||xx |||||||||||||| ||und||
040 ## - CATALOGING SOURCE
-- 126864
Original cataloging agency VIVEKANANDA LIBRARY
041 ## - Language
-- English
082 ## - DDC NUMBER
Classification number 346.0433 D26L
100 ## - MAIN ENTRY--PERSONAL NAME
Personal name Das, M.N.
245 #0 - TITLE STATEMENT
Title Law relating to partition
250 ## - EDITION STATEMENT
Edition statement 6tg ed.
260 ## - PUBLICATION, DISTRIBUTION, ETC. (IMPRINT)
Place of publication, distribution, etc Kolkata
Name of publisher, distributor, etc Eastern law
Date of publication, distribution, etc 2004
300 ## - PHYSICAL DESCRIPTION
Pages 819p p.
942 ## - ADDED ENTRY ELEMENTS (KOHA)
Koha item type Books
Holdings
Withdrawn status Lost status Damaged status Not for loan Location (home branch) Sublocation or collection (holding branch) Date acquired Koha issues (times borrowed) Koha full call number Accession No. Koha date last seen Koha item type
        VIVEKANANDA LIBRARY VIVEKANANDA LIBRARY 21/01/2010   346.0433 D26L 226030 17/09/2023 Books
© Designed and Maintained by Vivekananda Library, MDU Rohtak